Jedyny stan USA #3 - Statystyki

Ogólne statystyki
  • Ten quiz został rozwiązany 14 razy
  • Średni wynik to 7 z 20
Statystyki odpowiedzi
Jedyny stan USA, który/którego/w którym Stan % Poprawnych
zaczyna się na G Georgia
100%
ma ląd w odległości 100 mil (ok. 161 km) od Azji Alaska
85%
ma ziemię w tropikach Hawaje
77%
był gospodarzem zarówno Letnich, jak i Zimowych Igrzysk Olimpijskich Kalifornia
77%
ma budynek o wysokości ponad 500 metrów Nowy Jork
62%
produkuje więcej ropy naftowej niż Kuwejt Teksas
54%
graniczy z Teksasem, ale nie z Oklahomą Luizjana
46%
ma Z w swojej nazwie Arizona
31%
nazwa składa się z jednej sylaby Maine
23%
znajduje się całkowicie powyżej 1000 metrów wysokości Kolorado
15%
ponad 35% stanowią Afroamerykanie Missisipi
15%
stolica zaczyna się na N Tennessee
15%
ponad 50% mieszkańców należy do jednego kościoła Utah
15%
znajduje się w całości w Appalachach Wirginia Zachodnia
15%
ma więcej beczek whisky niż ludzi Kentucky
8%
nie pozwala mieszkańcom na samodzielne tankowanie New Jersey
8%
to tytuł musicalu na Broadwayu Oklahoma
8%
organizuje coroczne wydarzenie sportowe gromadzące ponad 250 000 fanów Indiana
0%
szkoły są zamknięte w Dzień Drzewa Nebraska
0%
ma motmota jako swojego narodowego ptaka Nowy Meksyk
0%
Nie znaleziono quizów pasujących do podanych kryteriów
Rozkład punktacji
Procent ludzi z każdym wynikiem
Percentyl według liczby udzielonych odpowiedzi
Twoja historia wyników
Nie rozwiązałeś tego quizu